<?xml version="1.0" encoding="UTF-8"?>
<record
    xmlns:xsi="http://www.w3.org/2001/XMLSchema-instance"
    xsi:schemaLocation="http://www.loc.gov/MARC21/slim http://www.loc.gov/standards/marcxml/schema/MARC21slim.xsd"
    xmlns="http://www.loc.gov/MARC21/slim">

  <leader>01895nam a2200289Ia 4500</leader>
  <controlfield tag="001">A6574</controlfield>
  <controlfield tag="003">IT-RoPAU</controlfield>
  <controlfield tag="008">130308s9999    xx            000 0 und d</controlfield>
  <datafield tag="040" ind1=" " ind2=" ">
    <subfield code="a">IT-RoPAU</subfield>
  </datafield>
  <datafield tag="040" ind1=" " ind2=" ">
    <subfield code="c">IT-RoPAU</subfield>
  </datafield>
  <datafield tag="041" ind1=" " ind2=" ">
    <subfield code="a">ITALIANO</subfield>
  </datafield>
  <datafield tag="100" ind1=" " ind2=" ">
    <subfield code="a">Orfei Ruggero</subfield>
  </datafield>
  <datafield tag="100" ind1=" " ind2=" ">
    <subfield code="g">Codice Aut. SPICS: 35957</subfield>
  </datafield>
  <datafield tag="245" ind1=" " ind2=" ">
    <subfield code="a">Annotazioni per una lettura del cambiamento</subfield>
  </datafield>
  <datafield tag="245" ind1=" " ind2=" ">
    <subfield code="b">Annotazioni per una Lettura del Cambiamento</subfield>
  </datafield>
  <datafield tag="250" ind1=" " ind2=" ">
    <subfield code="a">1a ed.</subfield>
  </datafield>
  <datafield tag="260" ind1=" " ind2=" ">
    <subfield code="a">TORINO</subfield>
  </datafield>
  <datafield tag="260" ind1=" " ind2=" ">
    <subfield code="b">Seat - Stet</subfield>
  </datafield>
  <datafield tag="260" ind1=" " ind2=" ">
    <subfield code="c">1991 [1&#xB0; Ed.:1991 - Ed.Ling.Originale:1991]</subfield>
  </datafield>
  <datafield tag="300" ind1=" " ind2=" ">
    <subfield code="a">"312 p. (prefazione: no ; testo: 312 [pagine: 0-0])"</subfield>
  </datafield>
  <datafield tag="500" ind1=" " ind2=" ">
    <subfield code="a">Quel che cambia Davvero in una Societ&#xE0; che Cambia. Comunicazione e Storia. Eterno Comunicare. magazzino Sociale. Linguaggio/Tempo. Comunicazione di Massa. Valore Etico Dominante. Comunicazione Silenziosa. Segni Ambigui della Tecnologia: Maccina delle Idee. Segni Tecnologici. Persona e Gruppo. Bisogno del Modello da far Rinascere. Occhio Tecnologico. Tecnica Artistica e idea di Natura. immagine del Rinascimento. Accettazione del Nuovo. Questionedel ritmo Epocale. Dislocazione del Cambiamento. importanza dell'ambiente Culturale. Valore della Velocit&#xE0;. dominare Il Ritmo. Giano Bifronte Figliodella Tecnologia. Guerra e Pace. nuove tecnologie di Punta: immagine e Realt&#xE0;. Industrialismo Come Nuova Forma Sociale. Societ&#xE0; dell'Informazione. innovazione e Rivoluzione. Una Societ&#xE0; dell'Immagine. Industria delle Immagini. Telematica. Media e relazioni Umane. Rivoluzione Produttiva. Indispensabilit&#xE0; del Progetto. Creazione continua Ovvero creare per Conservare. Prospettiva Planetaria. invenzioni e Loro Uso. Controllo Nucleare. manutenzione Ambientale. tecnologia Supplemento D'Ambiente. Bibliografia.</subfield>
  </datafield>
  <datafield tag="650" ind1=" " ind2=" ">
    <subfield code="a">POLITICA DELLA COMUNICAZIONE SOCIALE</subfield>
  </datafield>
  <datafield tag="650" ind1=" " ind2=" ">
    <subfield code="e">Codice materia Spics: 3803</subfield>
  </datafield>
  <datafield tag="942" ind1=" " ind2=" ">
    <subfield code="c">BK</subfield>
  </datafield>
  <datafield tag="957" ind1=" " ind2=" ">
    <subfield code="7">1</subfield>
  </datafield>
  <datafield tag="999" ind1=" " ind2=" ">
    <subfield code="c">88942</subfield>
    <subfield code="d">88942</subfield>
  </datafield>
  <datafield tag="999" ind1=" " ind2=" ">
    <subfield code="g">1</subfield>
  </datafield>
  <datafield tag="952" ind1=" " ind2=" ">
    <subfield code="0">0</subfield>
    <subfield code="1">0</subfield>
    <subfield code="4">0</subfield>
    <subfield code="6">A_000000000000000_6574</subfield>
    <subfield code="7">1</subfield>
    <subfield code="a">SPICS</subfield>
    <subfield code="b">SPICS</subfield>
    <subfield code="d">2013-03-08</subfield>
    <subfield code="l">0</subfield>
    <subfield code="o">A6574</subfield>
    <subfield code="r">2013-03-08 00:00:00</subfield>
    <subfield code="w">2013-03-08</subfield>
    <subfield code="y">BK</subfield>
    <subfield code="z">Progressivo inserimento:  11867 /  N. Volumi: 1 Copie: 1  / data import: 1 marzo 2013 - By Epidotti, Trombetti, Vaglietti. </subfield>
  </datafield>
</record>
